| 000 | 01601cam a22004094i 4500 | ||
|---|---|---|---|
| 003 | PE-LiUPU | ||
| 005 | 20250731184057.0 | ||
| 008 | 150623s1988 miu r 000 0 eng d | ||
| 020 | _a0310350212 | ||
| 035 | _a(Sirsi) i9780310350217 | ||
| 040 |
_aPE-LiUPU _bspa _cPE-LiUPU _erda |
||
| 049 | _aPRUA | ||
| 082 | 0 | 4 |
_a808.02 _bCh29 _221 |
| 245 | 0 | 2 |
_aA Christian writer's manual of style / _ceditado por Bob Hudson y Shelley Townsend. |
| 264 | 1 |
_aMichigan : _bZondervan Publishing House, _c1988. |
|
| 300 |
_a205 páginas ; _c21 centímetros |
||
| 336 |
_atext _2rdacontent |
||
| 337 |
_aunmediated _2rdamedia |
||
| 338 |
_avolume _2rdacarrier |
||
| 504 | _aIncluye bibliografía. | ||
| 505 | 0 | _aFrom manuscript to book -- Punctuation -- Capitalization -- Words in context -- Numbers -- Abbreviations -- Notes, references, indexes -- Editing.- Proofreading -- Computers and books. | |
| 526 | _aP145 | ||
| 526 | _aP127 | ||
| 526 | _aP97 | ||
| 526 | _aP14 | ||
| 526 | _aP07 | ||
| 650 | 0 | 4 |
_aAutoría _vManuales de estilo. |
| 650 | 0 | 4 |
_aLiteratura cristiana _xAutoría. |
| 700 | 1 |
_aHudson, Bob, _eeditor. |
|
| 700 | 1 |
_aTownsend, Shelley, _eed. |
|
| 942 |
_2ddc _cBOOK |
||
| 949 |
_a808.02 CH29 _wDEWEY _c1 _i44501 _lCCODEBUL1 _mBUL _r0 _sY _tBOOK _u2015-6-24 _xTEOLOGIA _PP35 _0COMPRA _o.STAFF. Colección Teología |
||
| 994 |
_aC0 _bPEPRU |
||
| 596 | _a1 | ||
| 999 |
_a808.02 CH29 _wDEWEY _c21382 _i44501 _f2021-11-12 _g5 _lCCODEBUL1 _mBUL _p30.00 _r0 _sY _tBOOK _u2015-6-24 _xTEOLOGIA _PP35 _0COMPRA _o.STAFF. Colección Teología _d21382 |
||
| 980 |
_81 _gALBERTO SANCHEZ Responsable de Automatización |
||